UBT Library

PSYCHOLOGY AND THE REAL WORLD (Record no. 31830)

000 -LEADER
fixed length control field 00297nam a22001337a 4500
008 - FIXED-LENGTH DATA ELEMENTS--GENERAL INFORMATION
fixed length control field 171005b xxu||||| |||| 00| 0 eng d
020 ## - INTERNATIONAL STANDARD BOOK NUMBER
International Standard Book Number 9781429230438
041 ## - LANGUAGE CODE
Language code of text/sound track or separate title eng
080 ## - UNIVERSAL DECIMAL CLASSIFICATION NUMBER
Universal Decimal Classification number 159.9
100 ## - Rafti
Rafti 48
101 ## - Shkurtesa
Shkurtesa PSI
245 ## - TITLE STATEMENT
Title PSYCHOLOGY AND THE REAL WORLD
Statement of responsibility, etc ANN, M
942 ## - ADDED ENTRY ELEMENTS (KOHA)
Source of classification or shelving scheme
Item type Books
Holdings
Withdrawn status Lost status Source of classification or shelving scheme Damaged status Not for loan Collection code Permanent location Current location Shelving location Date acquired Total Checkouts Full call number Barcode Date last seen Price effective from Koha item type
          Koleksioni i përgjithshem UBT - Lipjan UBT - Lipjan Koleksioni i përgjithshem 10/05/2017   159.9 ANN 002-2928847 10/05/2017 10/05/2017 Books
          Koleksioni i përgjithshem UBT - Lipjan UBT - Lipjan Koleksioni i përgjithshem 10/19/2021   159.9 ANN 002-80000116 10/19/2021 10/19/2021 Books
          Koleksioni i përgjithshem UBT - Lipjan UBT - Lipjan   05/08/2023   159.9GER 002-800080110 05/08/2023 05/08/2023 Books
UBT Library © 2015-2024. All rights reserved University Education for Business and Technology